000 00529nam a2200181Ia 4500
005 20250508162726.0
008 008 250505s9999 xx 000 0 eng d
037 _aTextual
040 _aFEDL
_beng
_cFEDL
041 _aeng
_2eng
084 _a954.03, BIP
_qFEDL
100 _aBipan Chandra
245 0 _aIndian national movement: The long-term dynamics
260 _aNew Delhi, India
_bVikas Publishing house Pvt Ltd
_c1988
300 _avi,101p.
942 _cTEXL
_h954.03, BIP
999 _c1378321
_d1378321